000
00246nam a2200109Ia 4500
008
190216s9999||||xx |||||||||||||| ||und||
100
_a
Pillai P K N
245
0
_a
History Of India Since 1707
260
_b
Padma
650
_a
History
942
_c
BK
999
_c
19608
_d
19608